Statistiques concernant Titre de chansons Disney

Cliquez ici pour prendre le quiz!

Statistiques générales

  • Ce quiz a été pris 466 fois
  • Le résultat moyen est 20 sur 67

Statistiques - réponses

HintRéponse% Correct
Mon secret, mes problèmes ? Impossible ! Elle serait trop blesséeL'Amour Brille Sous les Étoiles
68%
Rêve que tu as des ailes Hirondelle ou tourterelleTu T'Envoles
66%
Suivez bien mon chemin, vous vivrez demain Vous ne serez jamais vaillants et fortsComme un Homme
64%
Et nous tournons, tous ensemble, au fil des joursL'Air du Vent
62%
Disgrâce infâme Qu'inonde mon âmeHakuna Matata
60%
Je nettoie chaque placard Jusqu'à sept heures et quartOù est la vraie vie ?
57%
Des gorilles qu'ils protègent de leurs ailes Ce zoo est un soukPrince Ali
56%
Je suis un pauvre gars tout cabossé J'ai une plaie tout infectée Les dames sont en pleurs devant ma laideurJ'ai un rêve
54%
Moi je voudrais parcourir le mondePartir Là-Bas
54%
Je ne serai faite pour le mariage Ni une fille bien sageRéflexion
53%
Elle est quand même très étrange C'est vrai qu'elle ne ressemble à personneBelle
49%
Pas un gramme de graisse quand ses pectoraux se compressentDe Zéro en Héros
49%
Une cloche dès qu'il joue De sa trompette vous rend fou Ça swingue comme un piedTout le Monde veut Devenir un Cat
49%
Tu auras tant de choses à voir Pour franchir la frontière du savoirL’Histoire de la Vie
48%
Je m'envole Dans le vent et vers le cielVers le ciel
48%
J'avais pourtant appris la leçon Mon coeur connaissait la chansonJamais Je N'Avouerai
47%
Et dans la douceur du soir Je sens que le monde a changéJe veux y croire
42%
Toutes les femmes devant toi sont à genouxGaston
41%
Passez commande au creux de mon oreille Je me coupe en quatre pour mes amisJe Suis Ton Meilleur Ami
41%
Mais cette voix cachée Pense tout autrementLe Bleu Lumière
41%
Ça balance, ça swingue Ils ont le sable, ça c'est certain Nous le jazz-band et les copainsSous l'Océan
41%
Naviguons dans le temps InfinimentCe Rêve Bleu
40%
Ne crains rien, sèche tes pleurs Viens sur mon coeurMon tout petit
40%
Si nous voulons, chaque jour, les pratiquer Nous verrons nos progrès vite encouragésDes Gammes et des Arpèges
38%
Va ma fille, affronte les rhinocéros Va ma fille, affronte les brigands féroces Je ne suis que ta mère, moi, après toutN'écoute que moi
38%
On pioche les diamants par monceaux Et les sacs de rubis par quintaux Pour nous sans valeur sont ces trésorsHeigh Ho
36%
Même si ton coeur a l'âme en peine Il faut y croire quand même Le rêve d'une vie c'est l'amourTendre Rêve
36%
Je n'ai pas le temps de perdre mon temps Y'a plus urgent sur terreAu Bout du Rêve
35%
Quand on prie de tout son coeur Il n'y a pas de faveur Qui ne soit bientôt une réalitéQuand On Prie la Bonne Étoile
32%
Toi et moi et plus les années passent, plus on est solidairesJe Suis Ton Ami
30%
Oui, je peux vous l'avouer Je suis vraiment un drôle d'énergumènePour les Hommes
30%
Refusons tous deux que nos lendemains Soient mornes et grisJ'en ai Rêvé
29%
Tu n’es personne Tu n’es qu’un son, une mélodieDans un Autre Monde
28%
On coupe dans le vent du matin Le travail chasse le chagrinLe Coeur de Glace
28%
Elle me regarde, je le sens bien Comme un oiseau sur moi elle a posé sa mainJe Ne Savais Pas
27%
Je suis pleine de certitudes Je comprendrai bientôt Et dans cette solitude Je suis prête à faire le grand sautJe te cherche
25%
Je chante en secret chaque soir Pour que tu n'aies plus peurNe M'Oublie Pas
25%
Je suis comme toi une œuvre d'art intemporelle Je n'ai pas d'âgeBling-Bling
23%
Essaie et détends-toi, oui, rafraîchis-toi, mets-toi à l'aise,Il en Faut peu Pour être Heureux
23%
C'est pour moi, moi seul... qu'elle s'illumineMa Belle Evangeline
23%
De la puissance, je suis au plus hautÊtre un Homme comme Vous
21%
Goûtant la complice fraîcheur De l'herbe printanière J'adore aussi me balader Dans les rues de ma citéThomas O'Malley
20%
On rit, on joue, on s'amuse comme des petits fousÀ la File Indienne
19%
Je prends le chemin De mon rêve d'enfanceLe Monde Qui Est Le Mien
19%
Ne me manque pas de respect, mon petit Ce serait une erreur monumentale Mon royaume vous tend les brasMes Amis de l'Au-Delà
19%
Dites pas que vous le trouvez laid C'est un charmant petit blondinetNul n'est Parfait
19%
Je suis un homme amoureux Qu'on ne prend plus au sérieuxUn Poco Loco
19%
Chacun a le frisson Dès qu'il la voitCruella d'Enfer
18%
Pensez que le balai est votre bel et tendre, Soudain vos pieds se mettront à danserSifflez en travaillant
18%
Un voleur, solitaire, est triste à nourrir À un jeu si amer, je ne peux réussir Car rien n'est gratuit dans la vieLe Festin
16%
Un jour viendra Où tu ouvriras les yeux S'il existe un monde heureux c'est celui laNotre Terre
15%
Nous sommes là pour vous sauver Sans histoire, sans effortsS-O-S Société
12%
Les citrouilles vont mourir de trouille !Bienvenue à Halloween
11%
Notre amour était une évidence Le doute n’avait jamais montré tant de ferveur Je suis là Si tu veux de moiJ'ai Perdu le Nord
11%
Quand on entend cette musique au loin On se sent à nouveau rempli d'espoirLa Nouvelle-Orléans
11%
Je n'ai pas toujours été gentille et sincère J'ai vraiment mérité le nom de sorcièrePauvres Âmes Infortunées
10%
Buvons du thé encore du thé En nous souhaitant mon cherChanson du Non-Anniversaire
9%
Les vautours qui ont le bec fin organisent un grand festinLe Rapport du Matin
9%
l faut se méfier des apparences Un livre est beaucoup plus que l'on pense La moindre des phrases a bien souvent un double ou même un triple sensMéfiez-Vous des Apparences
9%
Je ne peux m'empêcher de sourire Car il n'y a rien de mieux que de se revoirEn Chemin
8%
Oui, les hommes sont méchants Médisants et têtusLe Chant du Renne
8%
qui aide la médecine à couler La médecine à couler, médecine à coulerC'est le Morceau de Sucre
7%
Pour avoir de la chance, prends ta chance telle qu'elle vientChem Chem Cheminée
4%
C'est une vie d'acrobate Qui tombe toujours à l'eau Dans les omoplates, un bon coup de couteauLa Vie d'un Pirate
4%
l y a des gens pour qui la vie N'est qu'une plaisanterie Ceux-là se laissent voguer au gré du ventA-t-on Jamais Vu Ca ?
3%
On peut éviter qu’y ait trop de casse, en jouant impair et passe !Le Boogie Blues
3%
Si vous restez sous les couvertures Vous êtes sûrs de déprimer Mais s'il y a une lueur Dans votre cœur Vous serez forcément sauvésLuminomagifantastique
1%

Distribution des résultats

Percentile par nombre de réponses

% des personnes avec chaque résultat

Votre développement - résultats

Vous n’avez pas pris ce quiz